[Event "9th HDBank Open 2019"]
[Site "Ho Chi Minh City"]
[Date "2019.03.11"]
[Round "7.5"]
[White "Wen, Yang"]
[Black "Nguyen, Anh Dung"]
[Result "1-0"]
[WhiteElo "2599"]
[BlackElo "2458"]
[Annotator "TA"]
[PlyCount "61"]
[EventDate "2019.03.07"]
[EventType "swiss"]
[EventCountry "VIE"]
[SourceTitle "playchess.com"]
[Source "ChessBase"]
[SourceQuality "1"]

{[%evp 12,61,32,19,13,14,22,10,10,10,31,24,36,23,27,8,43,22,43,47,56,43,55,55,51,51,51,51,77,27,77,0,0,0,95,29,217,4,200,210,281,136,329,309,492,496,729,696,716,677,829,817]} 1. e4 e5 2. Nf3 Nc6 3. Bc4 Bc5 4. d3 Nf6 5. O-O d6 6. c3 h6 7. Nbd2 a6 {C54: Giuoco Piano: 4 c3 Nf6, main lines with 5 d4 and 5 d3} 8. a4 O-O 9. h3 Ba7 {The position is equal.} 10. Re1 Ne7 11. Bb3 Ng6 12. d4 Re8 13. Bc2 Be6 14. Nf1 {[#]} Nh7 $146 ({Predecessor:} 14... exd4 15. cxd4 d5 {1-0 (47) Vachier Lagrave,M (2796)-Nakamura,H (2785) Paris 2017}) 15. Be3 Ng5 16. Ng3 Qf6 17. Nh2 Nf4 18. Ng4 Bxg4 19. Qxg4 Nge6 {[%cal Re5d4]} 20. Rad1 g6 {[#] Hoping for ...h5.} 21. Nf1 (21. Nf5 $16) 21... h5 22. Qg3 Bb6 (22... exd4 $11 {keeps the balance.} 23. cxd4 Nxd4 24. Rxd4 Nxh3+ 25. Qxh3 Bxd4) 23. h4 (23. d5 $16 h4 24. Qg4) 23... Rad8 $2 (23... exd4 $11 24. cxd4 Ba5) 24. Nh2 $2 ({Better is} 24. d5 $18) 24... Kh7 $2 (24... exd4 $11 25. cxd4 Bxd4) 25. Nf3 $18 Rg8 26. Bb3 (26. d5 $18 {is more deadly.}) 26... g5 $2 (26... Kg7 $16 {might work better.} 27. Bxe6 Qxe6 28. Bxf4 exf4 29. Qxf4 f6) 27. Bxe6 gxh4 (27... Nxe6 {was necessary.} 28. Nxg5+ Kh8 29. dxe5 dxe5 30. Rxd8 Nxd8 31. Bxb6 Qxb6) 28. Bf5+ {White is clearly winning.} Qxf5 {[#]} (28... Kh8 $142 29. Qxh4 Rxg2+ 30. Kh1 Qxh4+ 31. Nxh4 Rgg8 32. Bxf4 exf4) 29. Qxg8+ $1 {[%mdl 512]} Rxg8 30. exf5 Nxg2 31. Ng5+ {Accuracy: White = 46%, Black = 33%.} 1-0

[Event "9th HDBank Open 2019"]
[Site "Ho Chi Minh City"]
[Date "2019.03.11"]
[Round "7.6"]
[White "Popov, Ivan"]
[Black "Mendonca, Leon Luke"]
[Result "1-0"]
[WhiteElo "2581"]
[BlackElo "2446"]
[Annotator "TA"]
[PlyCount "150"]
[EventDate "2019.03.07"]
[EventType "swiss"]
[EventCountry "VIE"]
[SourceTitle "playchess.com"]
[Source "ChessBase"]
[SourceQuality "1"]

{[%evp 11,150,21,23,16,20,21,15,21,30,11,0,13,15,15,29,28,25,30,24,29,38,41,54,33,27,37,22,24,48,47,43,25,29,27,21,31,32,32,51,13,15,14,19,18,24,18,22,12,12,12,12,12,12,3,44,44,44,44,44,44,44,15,84,0,44,44,102,48,64,0,105,64,64,54,56,56,111,107,107,41,47,44,67,58,60,41,28,23,33,29,35,37,258,286,235,173,139,155,239,142,106,0,52,0,198,91,132,158,210,218,226,179,331,323,269,276,369,270,359,279,1655,1533,8772,6485,5197,5604,2759,1339,4618,5093,4133,1136,29976,29977,29975,29974,29973,29972,29984,29983,29983]} 1. e4 c5 2. Nf3 d6 3. d4 cxd4 4. Qxd4 Nc6 5. Bb5 Bd7 6. Qd3 g6 7. O-O {B53: Sicilian: 2...d6: Lines with Qxd4} Bg7 8. c4 Nf6 9. h3 {The position is equal.} O-O 10. Nc3 a6 11. Bxc6 Bxc6 12. Nd4 Nd7 $146 ({Predecessor:} 12... Rc8 13. Be3 Nd7 {1-0 (47) Alekseev,E (2710)-Lovkov,R (2461) St Petersburg 2013}) 13. Be3 Nc5 14. Qc2 Rc8 15. Rfd1 Bd7 16. Rac1 Ne6 17. Qe2 (17. Qd3 {is more complex.} Nc5 18. Qd2 Qa5 19. b3 Rfe8 20. Rb1) 17... Nxd4 18. Bxd4 Bxd4 19. Rxd4 Be6 20. b3 Qa5 21. Nd5 Rfe8 22. Rcd1 Bxd5 23. exd5 e5 24. dxe6 Rxe6 25. Qd2 (25. Qf3 {is interesting.} Rc6 26. R1d2 Qc7 27. Re2 Re5 28. Qd3) 25... Qxd2 $1 26. R1xd2 $11 {[%mdl 4096] Endgame KRR-KRR} Rc6 $1 27. f4 Kf8 28. Kf2 Ke7 29. a4 a5 30. Rd5 Rc5 31. g4 b6 32. Kf3 f6 33. h4 f5 34. gxf5 gxf5 35. h5 Rh6 36. Kg3 Re6 (36... Rxd5 $11 {remains equal.} 37. Rxd5 Rxh5) 37. Kf3 Rh6 $1 38. Rh2 Kf7 (38... Kd7 $14) 39. Rd3 (39. Kg3 $16) 39... Rc8 40. Rd5 Rc5 41. Rd1 Rc8 42. Rd3 Rc7 43. Rh1 Rc8 (43... Ke6 $14) 44. Rd5 $16 Rc5 45. Rh2 (45. Kg3 $1 $16) 45... Ke7 $14 46. Rd1 Rc8 47. Rg1 d5 48. Rg7+ ({Reject} 48. cxd5 Rc3+ 49. Kf2 Rc2+ 50. Kg3 Rxh2 $11) 48... Kf8 49. Rhg2 Rc5 50. Rg8+ Kf7 51. R2g7+ Kf6 $2 (51... Ke6 $1 $14) 52. Rb7 $18 Rxh5 53. Rxb6+ Kf7 54. Ra8 {Threatening mate with Ra7+.} Rh3+ {[#]} (54... Rc7 $16 {is a better defense.} 55. Rxa5 (55. cxd5 Rc3+ 56. Kf2 Rh2+ 57. Kg1 Rhc2 $16) 55... dxc4 56. bxc4 Ke8 57. Rb8+ Kf7) 55. Kf2 ({White should play} 55. Ke2 $1 $18 {Intending Ra7+ and mate.} Rc7 56. cxd5 (56. Rxa5 dxc4 57. bxc4 Kg7 $16)) 55... Rc7 $16 56. c5 (56. cxd5 $16 Rc2+ 57. Kg1) 56... Rc3 ({Black should try} 56... Re7 $1 $11) 57. Rxa5 (57. Ke2 $14) 57... d4 $2 (57... Re7 $1 $11 {and Black is okay.}) 58. c6 (58. b4 $18 {is more deadly.}) 58... Ke6 59. Re5+ Kf6 {[#]} (59... Kd6 $16 60. Rxf5 Re7) 60. Rd5 $1 $18 Rc2+ 61. Ke1 R7xc6 $2 (61... Ke6 62. Rxd4 h5) 62. Rxc6+ Rxc6 63. Rxd4 {KR-KR} Rc3 64. Rd6+ Kg7 65. Rb6 h5 $2 (65... Rc1+ 66. Kf2 Ra1) 66. a5 {[%cal Ba4a5,Ba5a6,Ba6a7][%mdl 32]} h4 67. Kf2 Rc2+ 68. Kg1 Ra2 69. b4 Kf7 70. a6 Ke7 71. b5 (71. Rb7+ $142 Kf6 72. b5) 71... h3 72. Rb7+ {White mates.} Kd6 73. a7 Kd5 74. b6 Ke4 75. Rb8 Kd5 {Accuracy: White = 66%, Black = 44%.} 1-0

[Event "9th HDBank Open 2019"]
[Site "Ho Chi Minh City"]
[Date "2019.03.11"]
[Round "7.7"]
[White "Zhao, Yuanhe"]
[Black "Tran, Tuan Minh"]
[Result "1-0"]
[WhiteElo "2431"]
[BlackElo "2556"]
[Annotator "TA"]
[PlyCount "107"]
[EventDate "2019.03.07"]
[EventType "swiss"]
[EventCountry "VIE"]
[SourceTitle "playchess.com"]
[Source "ChessBase"]
[SourceQuality "1"]

{[%evp 14,107,0,0,7,5,14,4,0,22,28,-12,-12,-16,-2,-52,-49,-66,-30,-41,0,-55,-56,-92,-81,-75,-35,-102,-67,-81,-63,-54,-58,-52,-43,-47,-8,-5,-8,-14,0,0,68,79,71,76,394,394,394,381,365,392,745,743,731,655,1041,519,859,370,358,289,282,262,252,263,271,247,272,198,198,198,218,211,253,239,243,221,221,221,230,221,271,265,271,271,271,271,397,395,483,477,519,512,736,568]} 1. Nf3 Nf6 2. c4 b6 3. b3 Bb7 4. Bb2 e6 5. e3 Be7 6. Be2 O-O 7. O-O d5 8. d4 dxc4 {A13: English Opening: 1...e6} 9. Bxc4 Nbd7 10. Qe2 a6 {The position is equal.} 11. Rd1 Bd6 $146 ({Predecessor:} 11... c5 12. a4 Qc7 13. Nc3 cxd4 14. exd4 Rfe8 15. Rd3 Bd6 {0-1 (40) Sitnikov,D (2500)-Smirnov,P (2599) Kemerovo 2012}) 12. Nc3 b5 13. Bd3 c5 14. e4 cxd4 15. Nxd4 Qb6 16. Nf3 Ng4 {[#]} 17. Rf1 (17. e5 $1 $11 {[%mdl 512]} Ndxe5 (17... Bxe5 18. Bxh7+) 18. Nxe5 Nxe5 19. Be4) 17... Rac8 18. h3 Nge5 19. Rad1 Rc7 20. Nb1 (20. Bb1 $15) 20... Rfc8 21. Nbd2 Ng6 {Threatens to win with ...Nf4.} 22. Bb1 Nf4 23. Qe1 $1 h6 24. a3 e5 25. b4 a5 26. bxa5 Qxa5 27. Nb3 Qa4 (27... Qa6 $11 28. Na5 b4 $1 {[%mdl 512]} 29. axb4 Qb6 30. Nxb7 Rxb7) 28. Rxd6 $14 {Na5 is the strong threat.} Qxb3 29. Qd2 Nc5 $2 {[%mdl 8192]} (29... Rc2 $16 {is more resistant.} 30. Bxc2 Rxc2) 30. Bxe5 $18 Nfe6 31. Ba2 Qxa3 32. Bxe6 $1 fxe6 $2 (32... Nxe6 33. Rxe6 Rc1) 33. Rd8+ Kh7 34. Bxc7 Rxc7 {[#]} 35. Qf4 (35. Ng5+ $142 $1 {[%mdl 512]} Kg6 (35... hxg5 36. Qxg5) 36. Qf4 hxg5 37. Qxc7 Bxe4 38. Qe7) 35... Rd7 (35... Rc8 $142) 36. Rxd7 (36. Rf8 $142 Na6 37. Ne5) 36... Nxd7 37. Qc7 Nc5 38. Nd4 Bxe4 39. Nxb5 Qb4 40. Nd6 Bg6 41. Qc6 Nd3 42. Nc4 Nf4 {[#]} 43. Ne3 $1 Qa5 44. Qf3 Qe5 45. Kh1 Nd3 46. Ng4 Qd4 47. Qe3 Qd5 48. f3 Qf5 49. Ra1 h5 50. Nf2 Nf4 (50... Nxf2+ $142 51. Qxf2 Qf6) 51. Ne4 h4 52. Ra7 {White is clearly winning.} e5 53. Qf2 Qc8 54. Nf6+ {Accuracy: White = 62%, Black = 33%.} 1-0

[Event "9th HDBank Open 2019"]
[Site "Ho Chi Minh City"]
[Date "2019.03.11"]
[Round "7.8"]
[White "Cao, Sang"]
[Black "Karthik Venkataraman"]
[Result "1-0"]
[WhiteElo "2385"]
[BlackElo "2494"]
[Annotator "TA"]
[PlyCount "81"]
[EventDate "2019.03.07"]
[EventType "swiss"]
[EventCountry "VIE"]
[SourceTitle "playchess.com"]
[Source "ChessBase"]
[SourceQuality "1"]

{[%evp 12,81,20,18,45,31,31,14,12,0,31,6,37,37,27,39,130,89,155,41,38,34,25,0,0,8,68,0,0,0,83,83,77,100,95,78,151,118,220,10,0,-14,97,68,196,195,187,183,285,228,213,47,388,268,472,50,636,617,604,585,1935,1870,6552,530,507,0,6224,6532,5285,5265,29976,29975]} 1. e4 c5 2. Nf3 d6 3. d4 Nf6 4. Nc3 cxd4 5. Nxd4 a6 6. h3 e6 7. g4 Nfd7 {B81: Sicilian Scheveningen: Keres Attack} 8. Bg2 Be7 9. O-O Nc6 {The position is equal.} 10. Be3 Nce5 $146 ({Predecessor:} 10... O-O 11. Nce2 Qc7 12. c3 Re8 13. f4 Bf8 14. Qd2 Rb8 15. g5 {½-½ (82) Ponomariov,R (2714)-Dominguez Perez,L (2726) Beijing 2014}) 11. b3 Ng6 12. f4 Nh4 13. Bh1 Nc5 (13... g5 $14) 14. Qd2 h5 (14... Ng6 $142) 15. b4 (15. g5 $16) 15... Nd7 $1 $14 16. g5 {Qe1 is the strong threat.} Nb6 $1 17. Qd3 Bd7 18. Nde2 {aiming for Qd4.} Qc7 ({Black should try} 18... O-O $11) 19. Bf2 (19. Qd4 $14 Nc4 20. Qxg7) 19... Ng6 $11 20. Qd4 Nc4 (20... Na4 $1 $11 {remains equal.} 21. Nxa4 (21. Qxg7 Nxc3 22. Nxc3 Rc8 $11) 21... Bxa4) 21. Qxg7 $16 O-O-O 22. Qd4 Rhg8 23. Bg2 Rdf8 (23... d5 $142) 24. Rab1 f6 (24... b5 $16) 25. b5 $2 (25. f5 $1 $18) 25... fxg5 $11 26. e5 {And now bxa6 would win.} Nxf4 (26... axb5 $11 {keeps the balance.} 27. Rxb5 (27. Nxb5 Bxb5 28. Rxb5 Nxf4 $15) 27... Bxb5 28. Nxb5 Nxf4 29. Nxf4 Rxf4 30. Nxc7 Rxd4 31. Bxd4 Kxc7) 27. bxa6 $16 Bc6 (27... bxa6 $14 28. Rb7 Nxh3+ 29. Bxh3 (29. Kh2 Qc5 $14) 29... Kxb7 30. Qa7+ Kc8 31. Qa8+ Qb8 32. Qxa6+ {[%mdl 64] Double Attack} Kd8 33. Qxc4 g4) 28. Rxb7 $1 $18 {[%mdl 64] X-Ray Attack} (28. Qxc4 Bxg2 29. Qxc7+ Kxc7 $17) (28. axb7+ $6 Kd7 $16) 28... Bxb7 29. Bxb7+ (29. axb7+ $6 Kd7 $14) 29... Kd7 {[#]} 30. Nxf4 $1 Rxf4 (30... gxf4+ 31. Kh1) 31. Qa7 $2 $40 {[%mdl 128] White has some attack.} ({Don't do} 31. exd6 $6 Qxd6 32. Qa7 Ke8) ({White should play} 31. Ne4 $18) 31... Na3 $2 {[%mdl 8192]} ({Better is} 31... g4 $14) 32. Bb6 Rxf1+ $2 (32... Qb8 33. Qxb8 Rxb8) 33. Kg2 $2 (33. Kxf1 $18 {White threatens Bc6+! and mate.} Qc4+ 34. Kg1) 33... Nb5 $2 {[%mdl 8192]} ({But not} 33... Qxc3 $2 {[#]} 34. Bc6+ $1 {[%mdl 512]} Kxc6 35. Qb7+ Kb5 36. Bd4+ Kc4 37. Bxc3 $18) (33... Qb8 $14 34. Qxb8 Rxb8 35. Kxf1 Rf8+ 36. Ke2 Nc4 {[%mdl 64] Double Attack}) 34. Nxb5 Qxc2+ 35. Kxf1 Qd1+ 36. Kg2 Qe2+ 37. Kg1 (37. Bf2 $142 {Threatening mate with Bc6+!} Qxb5 38. Bf3+ Kd8 39. exd6 Bxd6 40. Bb6+ Qxb6 41. Qxb6+ Ke7 42. Qb7+ Kf6 43. Bxh5) 37... Qe1+ 38. Kg2 (38. Kh2 $142 Qxe5+ 39. Kh1) 38... Qe2+ 39. Bf2 {Intending Bc6+! and mate.} Qxb5 40. Bf3+ {[%mdl 64] Discovered Attack} Ke8 41. exd6 {Accuracy: White = 47%, Black = 23%.} 1-0

[Event "9th HDBank Open 2019"]
[Site "Ho Chi Minh City"]
[Date "2019.03.11"]
[Round "7.9"]
[White "Pham, Chuong"]
[Black "Demchenko, Anton"]
[Result "0-1"]
[WhiteElo "2383"]
[BlackElo "2678"]
[Annotator "TA"]
[PlyCount "124"]
[EventDate "2019.03.07"]
[EventType "swiss"]
[EventCountry "VIE"]
[SourceTitle "playchess.com"]
[Source "ChessBase"]
[SourceQuality "1"]

{[%evp 16,124,29,19,47,35,54,64,62,-4,0,-28,-23,-34,-34,-34,-34,-35,-26,-32,-20,-61,-44,-69,-68,-69,-69,-65,-63,-70,-70,-70,-62,-87,-20,-80,-75,-112,-85,-93,-74,-99,-87,-85,-55,-89,-89,-91,-93,-93,-95,-103,-78,-115,-93,-99,-72,-74,-75,-239,-246,-248,-194,-456,-433,-432,-429,-573,-547,-589,-517,-582,-458,-688,-632,-565,-486,-862,-866,-811,-814,-766,-747,-1347,-1143,-1993,-1985,-1838,-1642,-12848,-1454,-1481,-1388,-1256,-1256,-1245,-1212,-1160,-1138,-1070,-616,-29970,-29971,-29970,-29970,-29982,-29983,-29983,-29984,-29986,-29987]} 1. d4 Nf6 2. c4 g6 3. Nf3 Bg7 4. g3 O-O 5. Bg2 d6 6. O-O Nc6 7. Nc3 Rb8 8. b3 a6 9. Bb2 e6 {E63: King's Indian: Fianchetto: Panno Variation with 7...a6} (9... b5 10. cxb5 axb5 11. Rc1 b4 12. Na4 Na7 13. d5 e5 14. dxe6 fxe6 15. Qc2 c5 16. Rfd1 Qe7 17. Rxd6 Bb7 18. Rdd1 Rbc8 19. Ne5 Bxg2 20. Kxg2 Nb5 {1-0 (73) Aronian,L (2801)-Nakamura,H (2741) Moscow 2010}) 10. Rc1 Bd7 11. e4 e5 {White is slightly better.} 12. Re1 $146 (12. d5 $14 Ne7 13. c5) ({Predecessor:} 12. d5 Ne7 13. Ne1 Ne8 14. Nd3 f5 15. f4 exf4 16. Nxf4 Nf6 17. Qe2 fxe4 18. Nxe4 Nxe4 19. Bxe4 Bxb2 20. Qxb2 Nf5 21. Rce1 {½-½ (21) Spirin,O (2475)-Petenyi,T (2445) Czechia 2015}) 12... Bg4 $11 13. dxe5 (13. d5 $5 {[%cal Rd5c6]} Nd4 14. Qd3 $11) 13... Nxe5 14. Rc2 Nfd7 15. Nd5 Nc5 16. Bxe5 dxe5 17. Rd2 Bxf3 18. Bxf3 c6 19. Nc3 Qa5 20. Qc2 Bh6 21. Rdd1 Rfd8 22. Rxd8+ Rxd8 23. Rd1 Rd4 24. Kg2 Qd8 ({Black should try} 24... Bf8 $17) 25. Be2 (25. b4 $11 {remains equal.} Ne6 26. a3) 25... a5 26. f3 Be3 27. Na4 {[%cal Bc3a4,Ba4b2,Bb2d1][%mdl 32]} Ne6 28. Nb2 h5 29. Rxd4 Qxd4 (29... Nxd4 {feels hotter.} 30. Qc3 Qg5 31. Nd1 Bd2 32. Qd3 Bc1) 30. Nd1 Qc5 31. Qd3 Bd4 32. Qd2 b6 33. Bd3 Qe7 34. Bb1 Kg7 35. Bd3 Qf6 36. Be2 h4 37. a3 $2 (37. Nf2 $17 {is a better defense.}) 37... Ng5 $19 38. Qd3 Qe6 39. g4 $2 (39. f4 {was forced.} Qh3+ 40. Kh1 hxg3 41. Qxg3 Qxg3 42. hxg3 Nxe4 43. Kg2) 39... Qe7 40. Qd2 Ne6 41. b4 axb4 42. axb4 Nf4+ 43. Kf1 Qa7 44. b5 (44. h3 $142 Nxh3 45. Kg2 Nf4+ 46. Kh2) 44... c5 45. Nf2 Qa1+ 46. Qd1 (46. Bd1 $142 h3 47. g5) 46... Qa2 47. Nd3 Nxe2 48. Qxe2 Qxc4 49. Ne1 Qc1 50. Kg2 c4 51. Nc2 c3 52. Ne1 {[#]} Qd2 (52... h3+ $142 $1 {[%mdl 512]} 53. Kxh3 Qd2) 53. Kf1 h3 54. Nd3 {[#]} Bg1 $1 {[%mdl 512]} 55. Qxd2 (55. Kxg1 Qxe2) 55... cxd2 {[%mdl 4096] Endgame KB-KN} 56. Ke2 Kf6 57. Kxd2 Bxh2 58. Ke2 {intending Nf2.} Bg1 {Black mates.} 59. Kf1 Bd4 60. Nc1 Kg5 61. Ne2 Be3 62. Nc3 Kf4 {Accuracy: White = 35%, Black = 73%.} 0-1

[Event "9th HDBank Open 2019"]
[Site "Ho Chi Minh City"]
[Date "2019.03.11"]
[Round "7.10"]
[White "Hoang, Canh Huan"]
[Black "Cheparinov, Ivan"]
[Result "1-0"]
[WhiteElo "2394"]
[BlackElo "2683"]
[Annotator "TA"]
[PlyCount "67"]
[EventDate "2019.03.07"]
[EventType "swiss"]
[EventCountry "VIE"]
[SourceTitle "playchess.com"]
[Source "ChessBase"]
[SourceQuality "1"]

{[%evp 13,67,-35,-35,-35,-35,-40,-34,-47,-38,-42,-42,-43,-43,-60,-37,-66,-60,-65,-33,-43,60,68,60,58,69,50,66,52,50,0,193,47,174,198,358,345,463,422,810,806,779,772,937,919,1093,1113,1111,1111,919,6861,6652,6652,6118,6118,5941,5136]} 1. e4 e5 2. Nc3 Nf6 3. f4 d5 4. fxe5 Nxe4 5. Nf3 Bc5 6. d4 Bb4 7. Bd2 c5 8. Bd3 {C29: Vienna Game: 2...Nf6 3 f4} (8. Nxe4 dxe4 9. Bxb4 cxb4 10. Ng1 O-O 11. Bc4 Nc6 12. c3 bxc3 13. bxc3 Qg5 14. Qe2 Bf5 15. Nh3 Bxh3 16. gxh3 {1-0 (54) Andreikin,D (2683)-Kramnik,V (2791) Moscow 2010}) 8... Nxd2 9. Qxd2 Nc6 10. a3 {Black is slightly better.} Ba5 11. b4 $146 ({Predecessor:} 11. Qf4 cxd4 12. Nxd4 O-O 13. b4 Bc7 14. Nxc6 bxc6 15. O-O g5 {0-1 (40) Vecchio,R (1767)-Laven,G (1934) ICCF email 2014}) 11... cxb4 12. Nb5 O-O {Threatens to win with ...b3!} 13. O-O h6 14. Kh1 Be6 15. Nd6 bxa3 16. c3 Bc7 (16... Qe7 $15) 17. Nxb7 $14 Qe7 18. Nc5 Bb6 19. Nxe6 fxe6 20. Bc2 {Black must now prevent Qd3.} g5 21. h4 {[%cal Rh4g5]} Rf7 $2 {[#]} (21... Qg7 $1 $11 {and Black stays safe.}) 22. hxg5 ({Only move:} 22. Qd3 $1 $18) 22... Raf8 (22... hxg5 $14 23. Ba4 (23. Nxg5 Rxf1+ 24. Rxf1 Rf8 $11) 23... g4 24. Bxc6 Rc8) 23. gxh6 $18 Rf4 $2 (23... Kh8 24. Qe3 Na5) 24. Qd3 a2 25. g3 {White is clearly winning.} Re4 (25... Rg4 $142 26. Nh2 (26. Rxa2 Rxg3 27. Bd1 Kh8 $16) 26... Rxf1+ 27. Rxf1 Rg5 28. h7+ Kh8) 26. Nd2 Rxf1+ 27. Rxf1 ({Not} 27. Qxf1 Re3 $14) 27... Qh7 28. Nxe4 Qxh6+ 29. Kg2 {[#] White threatens Qf3 and mate.} dxe4 30. Qxe4 {White wants to mate with Qg4+.} Qd2+ 31. Kg1 (31. Kh1 $142 Qh6+ 32. Kg1) 31... Bxd4+ 32. cxd4 Qxd4+ 33. Qxd4 Nxd4 34. Ba4 {Accuracy: White = 71%, Black = 31%.} 1-0

[Event "9th HDBank Open 2019"]
[Site "Ho Chi Minh City"]
[Date "2019.03.11"]
[Round "7.11"]
[White "Gukesh D"]
[Black "Setyaki, Azarya Jodi"]
[Result "1-0"]
[WhiteElo "2529"]
[BlackElo "2378"]
[Annotator "TA"]
[PlyCount "51"]
[EventDate "2019.03.07"]
[EventType "swiss"]
[EventCountry "VIE"]
[SourceTitle "playchess.com"]
[Source "ChessBase"]
[SourceQuality "1"]

{[%evp 21,51,35,52,34,40,46,66,26,28,15,25,24,39,45,33,0,0,0,0,0,118,90,148,110,237,218,222,221,331,322,461,427]} 1. Nf3 Nf6 2. g3 g6 3. Bg2 Bg7 4. O-O O-O 5. c4 d6 6. d4 Nbd7 7. Nc3 e5 8. Qc2 Re8 9. Rd1 exd4 10. Nxd4 a6 11. b3 Rb8 12. Bb2 {E67: King's Indian: Fianchetto: 6...Nbd7} (12. h3 c5 13. Nf3 b5 14. cxb5 axb5 15. Bb2 Qe7 16. e3 b4 17. Nd5 Nxd5 18. Rxd5 Nf6 19. Rdd1 Bf5 {0-1 (36) Melkumyan,H (2622)-Mamedov,R (2657) Berlin 2015}) 12... c5 13. Nf3 b5 14. cxb5 {White is slightly better.} axb5 {[%cal Ba6b5,Bb5b4][%mdl 32]} 15. Rxd6 b4 $1 {[%cal Rb4c3]} 16. Na4 {[%cal Bc3a4,Ba4c5,Bc5d3][%mdl 32]} Qe7 17. Rad1 Ne4 18. Rc6 $146 {Bxg7 is the strong threat.} ({Predecessor:} 18. R6d5 Bxb2 19. Qxb2 Nef6 20. R5d2 Ne4 21. Rd5 Nef6 22. R5d2 Ne4 23. Rd5 {½-½ (23) Matlak,M (2450)-Socko,B (2455) Brzeg Dolny 1996}) 18... Bxb2 19. Qxb2 Ndf6 20. Nxc5 $1 {Strongly threatening e3.} Nc3 (20... Nxf2 $11 21. Rf1 (21. Kxf2 Ng4+ 22. Kf1 Ne3+ {[%mdl 64] Double Attack} 23. Ke1 Nxg2+ 24. Kf2 Ne3 $17) 21... N2e4) 21. Re1 $16 Ng4 {[%cal Rc3e2] [#]} 22. e3 $1 Rb5 (22... Rd8 $16 {keeps fighting.}) 23. Nd3 $18 Bb7 24. Rc4 Ne4 (24... Rd8 $142 25. a4 (25. Rxg4 Bxf3 26. Bxf3 Rxd3 $16) 25... Rb6) 25. Nd4 Rb6 (25... Ne5 $142) 26. f3 {[%mdl 64] Double Attack. Accuracy: White = 82%, Black = 50%.} 1-0

[Event "9th HDBank Open 2019"]
[Site "Ho Chi Minh City"]
[Date "2019.03.11"]
[Round "7.12"]
[White "Xu, Yi"]
[Black "Tran, Quoc Dung"]
[Result "1-0"]
[WhiteElo "2520"]
[BlackElo "2376"]
[Annotator "TA"]
[PlyCount "67"]
[EventDate "2019.03.07"]
[EventType "swiss"]
[EventCountry "VIE"]
[SourceTitle "playchess.com"]
[Source "ChessBase"]
[SourceQuality "1"]

{[%evp 16,67,45,35,44,45,70,33,63,56,74,74,88,82,166,112,118,108,131,116,117,96,164,118,151,169,202,123,149,146,181,174,176,175,390,364,789,787,1138,1050,998,1092,2055,2088,1213,1522,1614,1739,1337,1321,1213,889,858,845]} 1. e4 c5 2. Nf3 d6 3. d4 cxd4 4. Nxd4 Nf6 5. Nc3 Nc6 6. Bg5 e6 7. Qd2 a6 8. O-O-O Be7 9. Bxf6 gxf6 {B66: Sicilian: Richter-Rauzer: 7...a6 8 0-0-0 h6} 10. f4 Bd7 (10... Qc7 11. Nf3 Bd7 12. Kb1 O-O-O 13. Bd3 Kb8 14. Rhe1 h5 15. g3 Rc8 16. Bf1 Na5 17. Re3 Qb6 18. Qe1 Rc7 19. Nd4 Rhc8 20. Nb3 Nc4 21. Bxc4 Rxc4 {½-½ (62) Anand,V (2773)-Firouzja,A (2607) St Petersburg 2018}) 11. f5 Qb6 {White is slightly better.} 12. Nxc6 bxc6 13. Bc4 h5 $146 ({Predecessor:} 13... Rb8 14. Bb3 h5 15. Qe2 c5 16. Rhe1 Kd8 17. fxe6 fxe6 {1-0 (92) Emiroglu,C (2108)-Bukavshin,I (2430) Porto Carras 2010}) 14. Rhe1 e5 (14... a5 $16) 15. Na4 (15. Re3 $18) 15... Qa7 $16 16. Bb3 a5 17. Qd3 Rh7 18. Re3 O-O-O (18... Rb8 $16 {is a better defense.}) 19. Qe2 Kc7 20. Rh3 Rdh8 21. Qc4 Bc8 22. Nc3 Ba6 {[#]} 23. Nd5+ $1 Kd7 {[#]} 24. Qc3 $1 $36 {[%mdl 2048] White is really pushing.} Bd8 $2 (24... Bb5 {was worth a try.}) 25. Ba4 $18 {[%csl Ga4][%cal Rc3c6]} Qb7 $2 (25... Bb5 26. Bxb5 cxb5) 26. Qa3 {White is clearly winning.} Qb8 27. Rb3 Bb5 {[#]} 28. c4 $1 {[%mdl 512]} Ke8 (28... Bxc4 29. Rxb8) 29. Bxb5 cxb5 30. Rxb5 Qc8 31. Qxd6 {White threatens Rb8 and mate.} Qxc4+ 32. Nc3 {[%csl Gd1][%cal Rd6d8]} Qc7 33. Qxc7 Bxc7 34. Rb7 {Accuracy: White = 65%, Black = 40%.} 1-0